ბათუმის შოთა რუსთაველის სახელმწიფო უნივერსიტეტის ბიბლიოთეკა

Сопротивление материалов : (ბიბ.ჩანაწერი № 57289)

000 -LEADER
fixed length control field 00678nam a22001817a 4500
005 - DATE AND TIME OF LATEST TRANSACTION
control field 20200207172729.0
008 - FIXED-LENGTH DATA ELEMENTS--GENERAL INFORMATION
fixed length control field 200207s1970ru xxu||||| |||| 00| 0 rus d
041 ## - LANGUAGE CODE
Language code of text/sound track or separate title rus
080 ## - UNIVERSAL DECIMAL CLASSIFICATION NUMBER
Universal Decimal Classification number 620.10(075.8) Ф-33
100 ## - MAIN ENTRY--PERSONAL NAME
Personal name Феодосьев. В.И
9 (RLIN) 6879
245 ## - TITLE STATEMENT
Title Сопротивление материалов :
Remainder of title Учебник /
Statement of responsibility, etc. В.И. Феодосьев ; ред . И. К. Снитко.
264 ## - PRODUCTION, PUBLICATION, DISTRIBUTION, MANUFACTURE, AND COPYRIGHT NOTICE
Place of production, publication, distribution, manufacture Москва :
Name of producer, publisher, distributor, manufacturer Наука,
Date of production, publication, distribution, manufacture, or copyright notice 1970.
300 ## - PHYSICAL DESCRIPTION
Extent 544 с.:
Dimensions 22 cm.
653 ## - INDEX TERM--UNCONTROLLED
keyword მასალათა გამძლეობა
653 ## - INDEX TERM--UNCONTROLLED
keyword ტექნიკა
700 ## - ADDED ENTRY--PERSONAL NAME
Personal name Снитко, И. К
Relator term რედაქტორი
9 (RLIN) 6880
942 ## - ADDED ENTRY ELEMENTS (KOHA)
Source of classification or shelving scheme
Koha item type წიგნი
ეგზემპლარები
Withdrawn status Lost status Source of classification or shelving scheme Damaged status Not for loan Permanent Location Current Location Shelving location Date acquired Cost, normal purchase price Full call number Barcode Date last seen Copy number Price effective from Koha item type Public note
          ბათუმის შოთა რუსთაველის სახელმწიფო უნივერსიტეტის მთავარი ბიბლიოთეკა ტექნოლოგიური ფაკულტეტის ბიბლიოთეკა წიგნსაცავი 2020-02-07 5.00 620.10(075.8) Ф-42 60417 2020-02-07 60417 2020-02-07 წიგნი 5.00